Economic outlook for Southeast Asia, China and India 2016 enhancing regional ties
Salvato in:
| Natura: | Libro |
|---|---|
| Lingua: | inglese |
| Pubblicazione: |
Paris
OECD Development Centre
2016
|
| Serie: | Economic outlook for Southeast Asia, China and India
|
| Soggetti: | |
| Tags: |
Nessun Tag, puoi essere il primo ad aggiungerne!!
|
MARC
| LEADER | 00000nam a2200000 4500 | ||
|---|---|---|---|
| 001 | 0220171 | ||
| 005 | 20240314122838.0 | ||
| 020 | |a 978-92-64-24378-1 | ||
| 041 | 0 | |a eng | |
| 044 | |a FR | ||
| 245 | 1 | 0 | |a Economic outlook for Southeast Asia, China and India 2016 |b enhancing regional ties |
| 264 | 1 | |a Paris |b OECD Development Centre |c 2016 | |
| 300 | |a 398 s. | ||
| 490 | 1 | |a Economic outlook for Southeast Asia, China and India | |
| 830 | 0 | |a Economic outlook for Southeast Asia, China and India | |
| 610 | 2 | 0 | |a rast hospodársky |
| 610 | 2 | 0 | |a rozvoj regionálny |
| 610 | 2 | 0 | |a integrácia regionálna |
| 610 | 2 | 0 | |a makroekonomika |
| 610 | 2 | 0 | |a reformy štruktúrne |
| 610 | 2 | 0 | |a zdroje energie obnoviteľné |
| 610 | 2 | 0 | |a sektor súkromný |
| 610 | 2 | 0 | |a porovnanie štatistické medzinárodné |
| 610 | 2 | 0 | |a juhovýchodná Ázia |
| 610 | 2 | 0 | |a Čína |
| 610 | 2 | 0 | |a India |
| 610 | 2 | 0 | |a 2016 |